Způsoby řízení koncernů v tržní ekonomice. 1.
Typy koncernov podľa akciového zákona SRN. Základné ciele koncernu: ukazovatele podnikových financií a finančného hospodárenia. Zabezpečovanie jednotného vedenia koncernu. Neholdingový a holdingový typ vrcholového riadenia koncernu. Rozdiely uvedené na príklade vybraných najväčších európskych koncer...
Salvato in:
| Autore principale: | |
|---|---|
| Natura: | Capitolo di libro |
| Lingua: | ceco |
| Soggetti: | |
| Tags: |
Nessun Tag, puoi essere il primo ad aggiungerne!!
|
MARC
| LEADER | 00000naa a2200000 4500 | ||
|---|---|---|---|
| 001 | r007606 | ||
| 005 | 20220831090349.9 | ||
| 041 | 0 | |a cze | |
| 044 | |a [CS] | ||
| 245 | 1 | 0 | |a Způsoby řízení koncernů v tržní ekonomice. 1. |c Ladislav Machoň |
| 520 | |a Typy koncernov podľa akciového zákona SRN. Základné ciele koncernu: ukazovatele podnikových financií a finančného hospodárenia. Zabezpečovanie jednotného vedenia koncernu. Neholdingový a holdingový typ vrcholového riadenia koncernu. Rozdiely uvedené na príklade vybraných najväčších európskych koncernov. | ||
| 610 | 2 | 0 | |a koncerny |
| 610 | 2 | 0 | |a financie podnikové |
| 610 | 2 | 0 | |a riadenie podnikové |
| 610 | 2 | 0 | |a hospodárstvo trhové |
| 610 | 2 | 0 | |a spoločnosti holdingové |
| 100 | 1 | |a Machoň, Ladislav | |